| 000 | 00612nam a2200193 i 4500 | ||
|---|---|---|---|
| 001 | 61931 | ||
| 003 | ES-MaACL | ||
| 007 | t| | ||
| 008 | 031114s1971 fr ||||1| fre d | ||
| 100 | 1 |
_aFebvre, Lucien, _d1878-1956 _949047 |
|
| 245 | 1 | 2 |
_aL'apparation du livre / _cLucien Febvre et Henri-Jean Martin. |
| 260 |
_a[Paris] : _bAlbin Michel, _c[1971] |
||
| 300 |
_a538 p. ; _c18 cm. |
||
| 490 | 1 |
_aL'évolution de l'humanité ; _v30 |
|
| 700 | 1 |
_aMartin, Henri-Jean. _977306 |
|
| 830 | 0 |
_aL'évolution de l'humanité ; _v30 _9181507 |
|
| 852 |
_aES-MaACL _jE-5709 _bR.89799 |
||
| 999 |
_c61931 _d61931 |
||